Welcome to CU Library Online Public Access Catalogue (OPAC)

BIBLICAL EXEGESIS; (Record no. 6389)

MARC details
000 -LEADER
fixed length control field 00375nam a22001457a 4500
005 - DATE AND TIME OF LATEST TRANSACTION
control field 20250610124210.0
008 - FIXED-LENGTH DATA ELEMENTS--GENERAL INFORMATION
fixed length control field 250610b |||||||| |||| 00| 0 eng d
020 ## - INTERNATIONAL STANDARD BOOK NUMBER
International Standard Book Number 9780804200318
050 ## - LIBRARY OF CONGRESS CALL NUMBER
Classification number BS476
Item number HAY
100 ## - MAIN ENTRY--PERSONAL NAME
Personal name HAYES H. JOHN
245 ## - TITLE STATEMENT
Title BIBLICAL EXEGESIS;
Remainder of title A BEGINNER'S HANDBOOK
260 ## - PUBLICATION, DISTRIBUTION, ETC.
Place of publication, distribution, etc. ATANTA
Name of publisher, distributor, etc. JOHN KNOX PRESS
Date of publication, distribution, etc. c1987
300 ## - PHYSICAL DESCRIPTION
Extent 159p
942 ## - ADDED ENTRY ELEMENTS (KOHA)
Source of classification or shelving scheme Library of Congress Classification
Koha item type Books
Suppress in OPAC No
999 ## -
-- 6389
-- 6389
Holdings
Withdrawn status Lost status Source of classification or shelving scheme Damaged status Not for loan Collection Home library Current library Shelving location Date acquired Total checkouts Full call number Barcode Date last seen Copy number Price effective from Koha item type
    Library of Congress Classification     Non-fiction Undergraduate Library (Christ Temple) Undergraduate Library (Christ Temple) General stacks 06/10/2025   BS476 HAY ulct00003173 06/10/2025 1 06/10/2025 Books
© 2023-2024 Copyright: Central University Libraries. All Rights Reserved | Created by: Mahone Tech Office